Proud shoes : (Record no. 2221)
[ view plain ]
| 000 -LEADER | |
|---|---|
| fixed length control field | 00636pam a2200205 4500 |
| 001 - CONTROL NUMBER | |
| control field | 2768 |
| 005 - DATE AND TIME OF LATEST TRANSACTION | |
| control field | 20181127165754.0 |
| 008 - FIXED-LENGTH DATA ELEMENTS--GENERAL INFORMATION | |
| fixed length control field | 780412s1978 nyuaf 000 0ceng |
| 010 ## - LIBRARY OF CONGRESS CONTROL NUMBER | |
| LC control number | 77011807 |
| 020 ## - INTERNATIONAL STANDARD BOOK NUMBER | |
| International Standard Book Number | 0060913983 |
| 043 ## - GEOGRAPHIC AREA CODE | |
| Geographic area code | n-us--- |
| 100 1# - MAIN ENTRY--PERSONAL NAME | |
| Personal name | Murray, Pauli, |
| Dates associated with a name | 1910-1985. |
| 245 10 - TITLE STATEMENT | |
| Title | Proud shoes : |
| Remainder of title | the story of an American family / |
| Statement of responsibility, etc. | by Pauli Murray. |
| 260 ## - PUBLICATION, DISTRIBUTION, ETC. | |
| Place of publication, distribution, etc. | New York : |
| Name of publisher, distributor, etc. | Harper & Row, |
| Date of publication, distribution, etc. | c1978. |
| 300 ## - PHYSICAL DESCRIPTION | |
| Extent | xvii, 280 p. : |
| Other physical details | ill. ; |
| Dimensions | 22 cm. |
| 600 10 - SUBJECT ADDED ENTRY--PERSONAL NAME | |
| Personal name | Murray, Pauli, |
| Dates associated with a name | 1910-1985. |
| Personal name | Fitzgerald family. |
| 650 #0 - SUBJECT ADDED ENTRY--TOPICAL TERM | |
| Topical term or geographic name entry element | African Americans |
| Form subdivision | Biography. |
| Topical term or geographic name entry element | African Americans |
| General subdivision | Social life and customs. |
| Withdrawn status | Lost status | Source of classification or shelving scheme | Damaged status | Not for loan | Collection code | Home library | Current library | Shelving location | Serial Enumeration / chronology | Inventory number | Total Checkouts | Full call number | Barcode | Date last seen | Price effective from | Koha item type |
|---|---|---|---|---|---|---|---|---|---|---|---|---|---|---|---|---|
| Dewey Decimal Classification | Main TEST | RTC Library | RTC Library | Main opac | 1459 | 920 MUR | 30005393 | 27/11/2018 | 27/11/2018 | Main |